Tourism Development Revisited : Concepts Issues And Paradigms (Record no. 14752)

MARC details
000 -LEADER
fixed length control field 00478nam a2200169Ia 4500
008 - FIXED-LENGTH DATA ELEMENTS--GENERAL INFORMATION
fixed length control field 220803s9999 xx 000 0 und d
020 ## - INTERNATIONAL STANDARD BOOK NUMBER
International Standard Book Number 978-0-7619-3633-6
041 ## - LANGUAGE CODE
Language code of text/sound track or separate title eng
082 ## - DEWEY DECIMAL CLASSIFICATION NUMBER
Classification number 711.7 SUT/MIS
100 ## - MAIN ENTRY--PERSONAL NAME
Personal name Sutheeshna B S Ed.
9 (RLIN) 22880
245 ## - TITLE STATEMENT
Title Tourism Development Revisited : Concepts Issues And Paradigms
260 ## - PUBLICATION, DISTRIBUTION, ETC. (IMPRINT)
Place of publication, distribution, etc. New Delhi
Name of publisher, distributor, etc. Sage Publiation
Date of publication, distribution, etc. 2008
300 ## - PHYSICAL DESCRIPTION
Extent 363p
500 ## - GENERAL NOTE
Keywords Architecture
650 ## - SUBJECT ADDED ENTRY--TOPICAL TERM
Topical term or geographic name as entry element Tourism
9 (RLIN) 22881
700 ## - ADDED ENTRY--PERSONAL NAME
Personal name Mishra S Ed.
9 (RLIN) 22882
Holdings
Withdrawn status Lost status Damaged status Not for loan Collection code Home library Current library Shelving location Date acquired Vendor Cost, normal purchase price Total Checkouts Total Renewals Full call number Barcode Date last seen Date last checked out Cost, replacement price Bill Date Koha item type Original Barcode
        Book of B Arch Dr. Bhanuben Nanavati College of Architecture Dr. Bhanuben Nanavati College of Architecture   22/02/2012 Word Book Shop 506.00 1 1 711.7 SUT/MIS BNCA-BK-7731 06/11/2023 24/04/2023 595.00 14/02/2012 Books B007731